Vybrané kapitoly z genetiky

Hlavní autor: Maršálek, Ladislav, 1927-
Jazyk: Čeština
Vydáno: Praha, 1975
Knihy
Uloženo v:
LEADER 00810nam a22002052a 4500
001 000350166
003 CZ BrMZK
005 19980105143423.0
007 ta
008 980105s1975 xr f cze d
040 |a BOA001  |b cze 
100 1 |a Maršálek, Ladislav,  |d 1927-  |7 jk01080297 
245 1 0 |a Vybrané kapitoly z genetiky 
260 |a Praha,  |c 1975 
910 |a BOA001  |b 4-0754.637 
990 |a BK 
996 7 |b 2619790724  |c 4-0754.637  |l MZK  |r Sklad / do 1 hodiny  |n 0  |w 000350166  |u 000020  |a 1  |e BOA001  |j MZK50  |s A 
996 7 |b 2619790725  |c 4-0754.637  |l MZK  |r Sklad / do 1 hodiny  |n 2  |w 000350166  |u 000030  |a 1  |e BOA001  |j MZK50  |s A 
996 7 |b 2619849160  |c 4-0754.637  |l MZK  |r Sklad / do 1 hodiny  |n 3  |w 000350166  |u 000010  |a 1  |e BOA001  |j MZK50  |s A 
996 6 |b 350166-10  |c 4-0754.637  |l MZK  |r Sklad / do 1 hodiny  |n 0  |w 000350166  |u 000040  |a 1  |e BOA001  |j MZK50  |s P